Normal view MARC view
  • Garza Toledo, Enrique de la

Entry Nombre Personal

Number of records used in: 19

001 - NUMERO DE CONTROL

  • campo de control: 39920

003 - IDENTIFICADOR DE NUMERO DE CONTROL

  • campo de control: DLC

005 - FECHA Y HORA DE LA ÜLTIMA TRANSACCIÓN

  • campo de control: 20220329113744.0

008 - DATOS DE LONGITUD FIJA

  • campo de control de longitud fija: 220329n| acannaabn |a aaa c

010 ## - NÚMERO DE CONTROL DE LA BIBLIOTECA DEL CONGRESO

  • Número de control LC: n 86024142
  • Número de Control LC Cancelado/inválido: n 84001456

035 ## - NUMERO DE CONTROL

  • Número de control: (OCoLC)oca01816486

040 ## - FUENTE DE CATALOGACIÓN

  • Agencia original de catalogación: NjP
  • Lenguaje de catalogación: spa
  • Agencia de transcripción: DLC
  • Agencia que lo modifica: DLC
  • Agencia que lo modifica: OCoLC
  • Agencia que lo modifica: MX-MxUPN

100 1# - ENCABEZAMIENTO - NOMBRE PERSONAL

  • Nombre personal: Garza Toledo, Enrique de la

370 ## - LUGAR ASOCIADO

  • Associated country: México

373 ## - GRUPO ASOCIADO

  • Associated group: Universidad Nacional Autónoma de México

374 ## - OCUPACIÓN

  • Occupation: Profesor universitario

375 ## - GÉNERO

  • Gender: masculino

377 ## - LENGUA ASOCIADA

  • Language code: spa

400 1# - VEÁSE - NOMBRE DE PERSONA

  • Control subfield: nne
  • Personal name: Garza, Enrique de la

400 1# - VEÁSE - NOMBRE DE PERSONA

  • Personal name: De la Garza Toledo, Enrique

400 1# - VEÁSE - NOMBRE DE PERSONA

  • Personal name: Toledo, Enrique de la Garza

670 ## - FUENTE EN LA QUE SE LOCALIZARON DATOS

  • Cita de la fuente: Esto pasó en Mexico, 1985:
  • Información localizada: portada (Enrique de la Garza)

670 ## - FUENTE EN LA QUE SE LOCALIZARON DATOS

  • Cita de la fuente: En su obra: Un paradigma para el análisis de la clase obrera, 1989:
  • Información localizada: portada (Enrique de la Garza Toledo) página 4 de la cubierta (profesor titular ... de la UNAM-I, coordinador de la maestría en sociología del trabajo)

670 ## - FUENTE EN LA QUE SE LOCALIZARON DATOS

  • Cita de la fuente: El metodo del concreto-abstracto-concreto, 1983:
  • Información localizada: portada (Enrique M. de la Garza Toledo)

670 ## - FUENTE EN LA QUE SE LOCALIZARON DATOS

  • Cita de la fuente: Ascenso y crisis del estado social autoritario, 1988:
  • Información localizada: portada (Enrique de la Garza Toledo)